=LDR 00000nam 2200000 4500 =001 INLIS000000000028626 =005 20130612130920 =008 ***********************************Ind** =035 ##$$0010-061300000028626 =041 ##$$a Ind =082 ##$$a 658.8 =090 ##$$a 658.8, Sab a =100 ##$$a Sabaruddin, Boy S =245 ##$$a Analisis pemasaran rumah sakit, Boy S. Sabarguna =260 ##$$a 2005 $b Yogyakarta =300 ##$$a vii, 98 hlm, ilus6c24 cm =650 ##$$a Pemasaran =850 ##$$a NBPNMAT